000 00609nam a2200241Ia 4500
008 181129s9999 xx 000 0 und d
020 _a9780545009140
050 _bR994 2006
100 _aRylant, Cynthia
245 4 _aThe journey :
245 0 _bstories of migration /
245 0 _cby Cynthia Rylant ; illustrated by Lambert Davis.
260 _aNew York, NY :
260 _bScholastic,
260 _c2006
300 _aunpaged :
300 _bcolor illustrations ;
300 _c25cm.
500 _a900L
650 _aAnimal migration.
700 _aDavis, Lambert.
700 _aTitle.
999 _c359865
_d359865